| 000 | 00501nam a2200169 i 4500 | ||
|---|---|---|---|
| 001 | 76215 | ||
| 003 | ES-MaACL | ||
| 005 | 20230906172746.0 | ||
| 007 | t| | ||
| 008 | 040929s1961 sp ||||1| spa d | ||
| 100 | 1 |
_aGuennou, Jean. _960440 |
|
| 245 | 1 | 3 |
_aLa costurera mística de París / _cJean Guennou ; [versión castellana de Alejandro Ross]. |
| 260 |
_aBarcelona : _bHerder, _c1961. |
||
| 300 |
_a231 p. ; _c22 cm. |
||
| 700 | 1 |
_aRoss, Alejandro. _999805 |
|
| 852 |
_aES-MaACL _jC-19845 _bR.47846 |
||
| 999 |
_c76215 _d76215 |
||